Famous people in US history - Statistics

General Stats
  • This quiz has been taken 138 times
  • The average score is 10 of 12
Answer Stats
Picture Answer % Correct
Abraham Lincoln
100%
John F Kennedy
98%
George Washington
97%
Martin Luther King jr
97%
Muhammad Ali
96%
Neil Armstrong
96%
Marilyn Monroe
94%
Elvis Presley
93%
Franklin D Roosevelt
89%
Mark Twain
54%
Ulysses S Grant
54%
Henry Ford
34%
No matching quizzes found
Score Distribution
Percent of People with Each Score
Percentile by Number Answered
Your Score History
You have not taken this quiz